| 000 | 00415nam a2200145Ia 4500 | ||
|---|---|---|---|
| 005 | 20260328101515.0 | ||
| 008 | 260328s9999||||xx |||||||||||||| ||und|| | ||
| 100 | _aFischer, Robert E. | ||
| 245 | 0 |
_aArchitectural Engineering New Structures : _b An Architectural record Book / _cRobert E. Fischer |
|
| 250 | _a1a ed. | ||
| 260 | _bMcGraw Hill | ||
| 300 | _a214 p. | ||
| 650 | _aDETALLES CONSTRUCTIVOS | ||
| 942 | _cBK | ||
| 999 |
_c9353 _d9353 |
||